000 00376nam a22001457a 4500
999 _c527191
_d527191
020 _a9789350142882
082 _a625.7
_bUPA
100 _aUpadhyay A.k
245 _aHIghway Engineering /
_cUpadhyay A.K
260 _aDehli :
_bS.K. Kataria & Sons
300 _a255 p. ;
942 _2ddc
_cBK